000 00569nam a22001817a 4500
005 20251108165243.0
008 250721s1989 xx 000 0 ara d
082 1 4 _a613.7/أوس
100 1 _aاوسليفان، سوزان
245 1 0 _aالرشاقة الكاملة للمرأة /
264 1 _aعمان :
_bدار الشروق للنشر و التوزيع،
_c1989.
300 _a112ص.
650 1 7 _aاللياقة البدنية
650 1 7 _aالألعاب الرياضية
700 1 _aعلي، حسين
_eترجمة
942 _2ddc
_cBK
999 _c23338
_d23338